书目信息 |
| 题名: |
阅读梁启超
|
|
| 作者: | 夏晓虹 著 | |
| 分册: | ||
| 出版信息: | 北京 三联书店 2006 |
|
| 页数: | 328页 | |
| 开本: | 23cm | |
| 丛书名: | 学苑话题 | |
| 单 册: | ||
| 中图分类: | B259.15 , B259.1 | |
| 科图分类: | ||
| 主题词: | 近代哲学--中国 , 个人-道德修养 | |
| 电子资源: | ||
| ISBN: | 7-108-02500-0 | |
| 000 | 01105oam2 2200301 450 | |
| 001 | 1137709281 | |
| 005 | 20110929103115.73 | |
| 010 | @a7-108-02500-0@dCNY26.00 | |
| 100 | @a20060104d2006 em y0chiy50 ea | |
| 101 | 0 | @achi |
| 102 | @aCN@b110000 | |
| 105 | @ay z 000yd | |
| 106 | @ar | |
| 200 | 1 | @a阅读梁启超@f夏晓虹著@Ayue du liang qi chao |
| 210 | @a北京@c三联书店@d2006 | |
| 215 | @a328页@d23cm | |
| 225 | 2 | @a学苑话题@v03 |
| 330 | @a本书收录了北京大学中文系教授夏晓虹先生十余年来研治梁启超的随笔、书评、序跋、论文的合集。既有对梁启超生平与著述、事功的总体评述,包括时人与后人、师友与家人的感性印象;也有对梁启超剧曲创作、文类概念与文学史研究的专深探讨或考辨,较为全面地展示了这位近现代政治、学术大家的历史面貌。 | |
| 461 | 0 | @1001003279113 |
| 600 | 0 | @a梁启超@f(1873-1929)@x思想评论 |
| 600 | 0 | @a梁启超@f(1873-1929) |
| 606 | 0 | @a近代哲学@x中国 |
| 606 | 0 | @a个人-道德修养 |
| 690 | @aB259.15@v4 | |
| 690 | @aB259.1@v4 | |
| 701 | 0 | @a夏晓虹@f(1953~)@4著@Axia xiao hong |
| 801 | 0 | @aCN@b大连网信软件有限公司图书馆·11@c20110929 |
| 905 | @a10447@dB259.1@eJY111 | |
| 阅读梁启超/夏晓虹著.-北京:三联书店,2006 |
| 328页;23cm .-(学苑话题;03 ) |
| ISBN 7-108-02500-0:CNY26.00 |
| 本书收录了北京大学中文系教授夏晓虹先生十余年来研治梁启超的随笔、书评、序跋、论文的合集。既有对梁启超生平与著述、事功的总体评述,包括时人与后人、师友与家人的感性印象;也有对梁启超剧曲创作、文类概念与文学史研究的专深探讨或考辨,较为全面地展示了这位近现代政治、学术大家的历史面貌。 |
| ● |
| 相关链接 |
|
|
|
|
正题名:阅读梁启超
索取号:B259.1/JY111
 
预约/预借
| 序号 | 登录号 | 条形码 | 馆藏地/架位号 | 状态 | 备注 |
| 1 | 7824594 | 278245944 | 学院路分馆/ [索取号:B259.1/JY111] | 在馆 | |
| 2 | 7824595 | 278245953 | 学院路分馆/ [索取号:B259.1/JY111] | 在馆 |